Seven Habits Of Highly Effective People (Record no. 2689)

MARC details
000 -LEADER
fixed length control field 00431nam a2200157Ia 4500
008 - FIXED-LENGTH DATA ELEMENTS--GENERAL INFORMATION
fixed length control field 230312s9999||||xx |||||||||||||| ||und||
020 ## - INTERNATIONAL STANDARD BOOK NUMBER
International Standard Book Number 0-671-71117-2
082 ## - DEWEY DECIMAL CLASSIFICATION NUMBER
Classification number 158.4
Item number COV-S
100 ## - MAIN ENTRY--PERSONAL NAME
Personal name Covery,Stephen.R
245 #0 - TITLE STATEMENT
Title Seven Habits Of Highly Effective People
260 ## - PUBLICATION, DISTRIBUTION, ETC.
Name of publisher, distributor, etc. Simon & Schuster
Place of publication, distribution, etc. Toronto
Date of publication, distribution, etc. 1992
300 ## - PHYSICAL DESCRIPTION
Extent 358
546 ## - LANGUAGE NOTE
Language note Eng.
650 ## - SUBJECT ADDED ENTRY--TOPICAL TERM
Topical term or geographic name entry element Management
Form subdivision Paradigms and Principles,Private Victory
942 ## - ADDED ENTRY ELEMENTS (KOHA)
Koha item type BOOK
Holdings
Withdrawn status Lost status Source of classification or shelving scheme Damaged status Not for loan Home library Current library Date acquired Total Checkouts Full call number Barcode Date last seen Price effective from Koha item type
    Dewey Decimal Classification     Superior Information Resource Center (SIRC) Superior University- Main Campus Superior Information Resource Center (SIRC) Superior University- Main Campus 03/13/2023   158.4 COV-S 2702 03/13/2023 03/13/2023 BOOK

Powered by Koha